Histoire moderne (Record no. 140536)

MARC details
000 -LEADER
campo de control de longitud fija 00617nam a2200193 4500
001 - NÚMERO DE CONTROL
campo de control 140536
003 - IDENTIFICADOR DE NÚMERO DE CONTROL
campo de control ES-MaACL
005 - FECHA Y HORA DE LA ÚLTIMA TRANSACCIÓN
campo de control 20250808031136.0
007 - CAMPO FIJO DE DESCRIPCIÓN FÍSICA--INFORMACIÓN GENERAL
campo de control de longitud fija t|
008 - DATOS DE LONGITUD FIJA--INFORMACIÓN GENERAL
campo de control de longitud fija 070214s1911 fr r ||||1| fre d
100 1# - ENTRADA PRINCIPAL--NOMBRE DE PERSONA
Nombre de persona Seignobos, Charles (
Fechas asociadas al nombre 1854-1942)
9 (RLIN) 105259
245 10 - MENCIÓN DEL TÍTULO
Título Histoire moderne
Resto del título : 1715-1815 /
Mención de responsabilidad, etc. par Ch. Seignobos et Albert Métin.
260 ## - PUBLICACIÓN, DISTRIBUCIÓN, ETC.
Lugar de publicación, distribución, etc. Paris :
Nombre del editor, distribuidor, etc. Librairie Armand Colin,
Fecha de publicación, distribución, etc. 1911 (
Lugar de fabricación/manufactura Coulommiers :
Fabricante Paul Brodard)
300 ## - DESCRIPCIÓN FÍSICA
Extensión 603 p. ;
Dimensiones 18 x 12 cm.
650 #7 - PUNTO DE ACCESO ADICIONAL DE MATERIA--TÉRMINO DE MATERIA
Término de materia o nombre geográfico como elemento de entrada Historia moderna
Fuente del encabezamiento o término embne
9 (RLIN) 13420
700 1# - ENTRADA AGREGADA--NOMBRE PERSONAL
Nombre de persona Métin, Albert.
9 (RLIN) 80729
852 ## - LOCALIZACIÓN
Ubicación ES-MaACL
Número de control de estantería B-2707
Holdings
Estatus retirado Estado de pérdida Estado de daño No para préstamo Biblioteca de origen Biblioteca actual Ubicación en estantería Fecha de adquisición Fuente de adquisición Total de préstamos Signatura topográfica completa Código de barras Visto por última vez Precio de reemplazo Tipo de ítem Koha
        Biblioteca del Ateneo de Madrid Biblioteca del Ateneo de Madrid Sala Pardo Bazán 17/01/2008     B-2707 1146245 23/02/2023 23/02/2023 Libro impreso